Sistematización proyecto fortalecimiento de los programas municipales de prevención del abuso de drogas y del VIH-sida en los paises del Cono Sur: relato de una experiencia inicial en la comunas de Conchali, Lo Espejo y La Pintana de la Región Metropolitana, Chile.
Guardat en:
| Autor corporatiu: | |
|---|---|
| Format: | Llibre |
| Idioma: | espanyol |
| Publicat: |
Santiago, Chile
Conasida
2007
|
| Col·lecció: | Documento de Trabajo
|
| Matèries: | |
| Etiquetes: |
Afegir etiqueta
Sense etiquetes, Sigues el primer a etiquetar aquest registre!
|
MARC
| LEADER | 00000nam a2200000 a 4500 | ||
|---|---|---|---|
| 001 | UCI3644 | ||
| 003 | CL-VaPUC | ||
| 005 | 20240930160403.0 | ||
| 008 | 071123e20070000CL |||||||||||||||||spa|d | ||
| 999 | |c 327776 |d 327774 | ||
| 040 | |c Pontificia Universidad Católica de Valparaíso | ||
| 082 | 0 | 4 | |a 362.1969792 ONG 2007 |2 21 |
| 110 | 2 | |a ONG Caleta Sur |9 525082 | |
| 245 | 1 | 0 | |a Sistematización proyecto fortalecimiento de los programas municipales de prevención del abuso de drogas y del VIH-sida en los paises del Cono Sur: relato de una experiencia inicial en la comunas de Conchali, Lo Espejo y La Pintana de la Región Metropolitana, Chile. |
| 260 | 0 | 3 | |a Santiago, Chile |b Conasida |c 2007 |
| 300 | |a 139 páginas. | ||
| 490 | 0 | |a Documento de Trabajo | |
| 500 | |a Se acompaña de anexo: Catastro de instituciones participantes | ||
| 583 | |a last modification |c 20071123 00:00:00 |k Rodrigo Vera | ||
| 650 | 0 | |a SIDA (Síndrome de Inmunodeficiencia Adquirida) |9 256118 | |
| 650 | 0 | |a Drogadicción |9 331967 | |
| 650 | 0 | |a Congresos |9 257560 | |
| 650 | 0 | |a Abuso de drogas |9 254876 | |
| 942 | |c BK |2 ddc | ||
| 945 | |d 20071123 00:00:00 |a rbrito | ||
| 952 | |0 0 |1 0 |2 ddc |4 0 |6 362_196979200000000_ONG_2007 |7 0 |8 A |9 411198 |a BIBGIM |b BIBGIM |d 2019-11-22 |i 4392590 |o 362.1969792 ONG 2007 |p 4392590 |r 2025-01-15 |t 1 |w 2019-11-22 |y BK |k SSL | ||
| 952 | |0 0 |1 0 |2 ddc |4 0 |6 362_196979200000000_ONG_2007 |7 0 |8 A |9 411199 |a BIBGIM |b BIBGIM |d 2019-11-22 |h anexo |i 4392604 |o 362.1969792 ONG 2007 |p 4392604 |r 2025-01-15 |t 2 |w 2019-11-22 |y BK |k SSL | ||